| 000 | 00690nam a2200217Ii 4500 | ||
|---|---|---|---|
| 003 | JO-AjNU | ||
| 008 | 230606s9999||||xx |||||||||||||| ||und|| | ||
| 020 | _a0-8204-0069-6 , 0740-5111 | ||
| 040 |
_aJO-AjNU _beng _erda _cJO-AjNU |
||
| 041 | _aeng | ||
| 050 | 1 | 4 | _aPN4888.A67.M87 1984 |
| 100 | 3 |
_aMousa, Issam Suleiman, _eauthor _93705 |
|
| 245 | 0 | 4 | _aThe Arab Image in the US Press |
| 264 | 3 | 1 | _aNew York:PETER LANG, 1984 |
| 300 | _a187P | ||
| 336 |
_atext _btxt _2rdacontent |
||
| 337 |
_aunmediated _bn _2rdamedia |
||
| 338 |
_avolume _bnc _2rdacarrier |
||
| 490 | 0 | _aXV , Communications V. 1 | |
| 650 | 4 |
_aArab Countries - Foreign Opinion American - Public Opinion - Relation _93706 |
|
| 999 |
_aE1932 _c1932 _d1932 |
||